000 00452nam a22001697a 4500
005 20251108164038.0
008 250721s1975 xx 000 0 ara d
082 1 4 _a320.962/توف
100 1 _aالحكيم، توفيق
245 1 0 _aوثائق في طريق عودة الوعي /
264 1 _aبيروت :
_bدار الشروق،
_c1975.
300 _a139ص
650 1 7 _aمصر
650 1 7 _aالسياسة
942 _2ddc
_cBK
999 _c2223
_d2223